<?xml version="1.0" encoding="UTF-8"?>
<record
    xmlns:xsi="http://www.w3.org/2001/XMLSchema-instance"
    xsi:schemaLocation="http://www.loc.gov/MARC21/slim http://www.loc.gov/standards/marcxml/schema/MARC21slim.xsd"
    xmlns="http://www.loc.gov/MARC21/slim">

  <leader>01200nam a2200253 a 4500</leader>
  <controlfield tag="001">74266</controlfield>
  <controlfield tag="003">BD-RjUL</controlfield>
  <controlfield tag="005">20211209082528.0</controlfield>
  <controlfield tag="008">180426s2014    bg ||||| b||| 00| 0 ben d</controlfield>
  <datafield tag="020" ind1=" " ind2=" ">
    <subfield code="a">9879849103707</subfield>
    <subfield code="c">Tk.500.00</subfield>
  </datafield>
  <datafield tag="035" ind1=" " ind2=" ">
    <subfield code="a">(BD-RjUL)74484</subfield>
  </datafield>
  <datafield tag="040" ind1=" " ind2=" ">
    <subfield code="a">BD-RjUL</subfield>
    <subfield code="b">eng</subfield>
    <subfield code="c">BD-RjUL</subfield>
  </datafield>
  <datafield tag="041" ind1=" " ind2=" ">
    <subfield code="a">ben</subfield>
  </datafield>
  <datafield tag="082" ind1=" " ind2=" ">
    <subfield code="2">23</subfield>
    <subfield code="a">388.95492</subfield>
    <subfield code="b"> PAA 2014</subfield>
  </datafield>
  <datafield tag="100" ind1="1" ind2=" ">
    <subfield code="a">&#x9AA;&#x9C7;&#x987;&#x99C;, &#x997;&#x9CD;&#x9B2;&#x9C7;&#x9A8;. &#x9A1;&#x9BF;.</subfield>
    <subfield code="9">221248</subfield>
  </datafield>
  <datafield tag="245" ind1="1" ind2="0">
    <subfield code="a">&#x985;&#x9B9;&#x9BF;&#x982;&#x9B8; &#x9AC;&#x9BF;&#x9B6;&#x9CD;&#x9AC; &#x9B0;&#x9BE;&#x99C;&#x9A8;&#x9C0;&#x9A4;&#x9BF; &#x9AC;&#x9BF;&#x99C;&#x9CD;&#x99E;&#x9BE;&#x9A8; = &#x9A8;&#x9A8;&#x995;&#x9BF;&#x9B2;&#x9BF;&#x982; &#x997;&#x9CD;&#x9B2;&#x9CB;&#x9AC;&#x9BE;&#x9B2; &#x9AA;&#x9B2;&#x9BF;&#x99F;&#x9BF;&#x995;&#x9CD;&#x9AF;&#x9BE;&#x9B2; &#x9B8;&#x9BE;&#x9AF;&#x9BC;&#x9C7;&#x9A8;&#x9CD;&#x9B8; /</subfield>
    <subfield code="c">&#x997;&#x9CD;&#x9B2;&#x9C7;&#x9A8;. &#x9A1;&#x9BF;. &#x9AA;&#x9C7;&#x987;&#x99C;, ; &#x985;&#x9A8;&#x9C1;&#x9AC;&#x9BE;&#x9A6; &#x9B0;&#x9BE;&#x9B6;&#x9BF;&#x9A6;&#x9BE; &#x996;&#x9BE;&#x9A8;&#x9AE;</subfield>
  </datafield>
  <datafield tag="260" ind1=" " ind2=" ">
    <subfield code="a">&#x9A2;&#x9BE;&#x995;&#x9BE; :</subfield>
    <subfield code="b">&#x98F; &#x98F;&#x987;&#x99A; &#x9A1;&#x9C7;&#x9AD;&#x9C7;&#x9B2;&#x9AA;&#x9AE;&#x9C7;&#x9A8;&#x9CD;&#x99F; &#x9AA;&#x9BE;&#x9AC; .</subfield>
    <subfield code="c">&#x9E8;&#x9E6;&#x9E7;&#x9EA;</subfield>
  </datafield>
  <datafield tag="300" ind1=" " ind2=" ">
    <subfield code="a">&#x9E7;&#x9ED;&#x9EC; &#x9AA;&#x9C3;. ;</subfield>
    <subfield code="c">&#x9E8;&#x9E8; &#x9B8;&#x9C7;&#x9AE;&#x9BF;.</subfield>
  </datafield>
  <datafield tag="504" ind1=" " ind2=" ">
    <subfield code="a">&#x997;&#x9CD;&#x9B0;&#x9A8;&#x9CD;&#x9A5;&#x9AA;&#x99E;&#x9CD;&#x99C;&#x9BF; &#x9B8;&#x982;&#x9AF;&#x9CB;&#x99C;&#x9BF;&#x9A4;</subfield>
  </datafield>
  <datafield tag="650" ind1=" " ind2=" ">
    <subfield code="a">&#x9AC;&#x9BF;&#x9B6;&#x9CD;&#x9AC; &#x9B0;&#x9BE;&#x99C;&#x9A8;&#x9C0;&#x9A4;&#x9BF;</subfield>
    <subfield code="v">&#x9B6;&#x9BE;&#x9A8;&#x9CD;&#x9A4;&#x9BF;&#x99A;&#x9CD;&#x9AF;&#x9C1;&#x9A4;&#x9BF;</subfield>
    <subfield code="9">221249</subfield>
  </datafield>
  <datafield tag="650" ind1=" " ind2=" ">
    <subfield code="a">International politices </subfield>
    <subfield code="v">peacebuilding</subfield>
    <subfield code="9">221250</subfield>
  </datafield>
  <datafield tag="700" ind1=" " ind2=" ">
    <subfield code="a"> &#x985;&#x9A8;&#x9C1;&#x9AC;&#x9BE;&#x9A6; ; &#x9B0;&#x9BE;&#x9B6;&#x9BF;&#x9A6;&#x9BE; &#x996;&#x9BE;&#x9A8;&#x9AE;</subfield>
    <subfield code="9">221251</subfield>
  </datafield>
  <datafield tag="942" ind1=" " ind2=" ">
    <subfield code="2">ddc</subfield>
    <subfield code="c">BK</subfield>
  </datafield>
  <datafield tag="999" ind1=" " ind2=" ">
    <subfield code="c">74266</subfield>
    <subfield code="d">74266</subfield>
  </datafield>
  <datafield tag="952" ind1=" " ind2=" ">
    <subfield code="0">0</subfield>
    <subfield code="1">0</subfield>
    <subfield code="2">ddc</subfield>
    <subfield code="4">0</subfield>
    <subfield code="7">1</subfield>
    <subfield code="8">NFIC</subfield>
    <subfield code="a">RUCL</subfield>
    <subfield code="b">RUCL</subfield>
    <subfield code="c">Reading</subfield>
    <subfield code="d">2017-04-05</subfield>
    <subfield code="e">Rajshahi Vidya sagar</subfield>
    <subfield code="g">500.00</subfield>
    <subfield code="l">0</subfield>
    <subfield code="o"> B 338.95492  PAA 2014</subfield>
    <subfield code="r">2018-04-26 00:00:00</subfield>
    <subfield code="t">C-1</subfield>
    <subfield code="w">2021-12-09</subfield>
    <subfield code="y">BK</subfield>
  </datafield>
  <datafield tag="952" ind1=" " ind2=" ">
    <subfield code="0">0</subfield>
    <subfield code="1">0</subfield>
    <subfield code="2">ddc</subfield>
    <subfield code="4">0</subfield>
    <subfield code="7">0</subfield>
    <subfield code="8">NFIC</subfield>
    <subfield code="a">RUCL</subfield>
    <subfield code="b">RUCL</subfield>
    <subfield code="c">Stack</subfield>
    <subfield code="d">2017-04-05</subfield>
    <subfield code="e">Rajshahi Vidya sagar</subfield>
    <subfield code="g">500.00</subfield>
    <subfield code="l">0</subfield>
    <subfield code="o"> B 338.95492  PAA 2014</subfield>
    <subfield code="r">2018-04-26 00:00:00</subfield>
    <subfield code="t">C-2</subfield>
    <subfield code="w">2021-12-09</subfield>
    <subfield code="y">BK</subfield>
  </datafield>
  <datafield tag="952" ind1=" " ind2=" ">
    <subfield code="0">0</subfield>
    <subfield code="1">0</subfield>
    <subfield code="2">ddc</subfield>
    <subfield code="4">0</subfield>
    <subfield code="7">0</subfield>
    <subfield code="8">NFIC</subfield>
    <subfield code="a">RUCL</subfield>
    <subfield code="b">RUCL</subfield>
    <subfield code="c">Stack</subfield>
    <subfield code="d">2017-04-05</subfield>
    <subfield code="e">Rajshahi Vidya sagar</subfield>
    <subfield code="g">500.00</subfield>
    <subfield code="l">0</subfield>
    <subfield code="o"> B 338.95492  PAA 2014</subfield>
    <subfield code="r">2018-04-26 00:00:00</subfield>
    <subfield code="t">C-3</subfield>
    <subfield code="w">2021-12-09</subfield>
    <subfield code="y">BK</subfield>
  </datafield>
</record>
